[Event "GER-chT U20"]
[Site "Osnabrueck"]
[Date "2012.12.28"]
[Round "3.2"]
[White "Winter, Philipp"]
[Black "Biefel, Christian"]
[Result "1-0"]
[WhiteElo "1917"]
[BlackElo "1689"]
[PlyCount "95"]
[EventDate "2012.12.27"]
[EventType "team-swiss"]
[EventRounds "7"]
[EventCountry "GER"]
[SourceTitle "EXT 2014"]
[Source "ChessBase"]
[SourceDate "2013.11.20"]
[SourceVersion "1"]
[SourceVersionDate "2013.11.20"]
[SourceQuality "1"]
[WhiteTeam "Heitersheim"]
[BlackTeam "Heilbronn"]
[WhiteTeamCountry "GER"]
[BlackTeamCountry "GER"]

1. e4 c6 2. d4 d5 3. exd5 cxd5 4. Nf3 Nf6 5. Bd3 Bg4 6. c3 e6 7. Bf4 Nbd7 8. Nbd2 Be7 9. 0-0 0-0 10. Re1 a6 11. a4 Rc8 12. a5 Rc6 13. Qa4 Nh5 14. Be5 f6 15. Bg3 Nxg3 16. hxg3 Qc7 17. Qc2 h6 18. Nh4 Bh5 19. Bh7+ Kf7 20. g4 f5 21. gxf5 Bxh4 22. fxe6+ Ke7 23. exd7+ Kxd7 24. Bf5+ Kd8 25. Re5 Bf7 26. Nf3 Be7 27. Rae1 Bd6 28. R5e2 Qxa5 29. Ne5 Bxe5 30. dxe5 Be6 31. Bxe6 Rxe6 32. c4 Rc6 33. e6 Kc7 34. Qg6 Qc5 35. Qxg7+ Kb6 36. e7 Re8 37. Qf7 Rcc8 38. cxd5 Qb5 39. Qe6+ Ka7 40. d6 Rc6 41. Qd7 Qh5 42. Re5 Qg6 43. Re6 Qf7 44. Rxh6 Rc2 45. Rf1 Rd2 46. Qh3 Ka8 47. d7 Rxe7 48. Rh8+ 1-0

[Event "GER-chT U20"]
[Site "Osnabrueck"]
[Date "2012.12.28"]
[Round "4.2"]
[White "Winter, Philipp"]
[Black "Boehm, Malte"]
[Result "1/2-1/2"]
[WhiteElo "1917"]
[BlackElo "1931"]
[PlyCount "62"]
[EventDate "2012.12.27"]
[EventType "team-swiss"]
[EventRounds "7"]
[EventCountry "GER"]
[SourceTitle "EXT 2014"]
[Source "ChessBase"]
[SourceDate "2013.11.20"]
[SourceVersion "1"]
[SourceVersionDate "2013.11.20"]
[SourceQuality "1"]
[WhiteTeam "Heitersheim"]
[BlackTeam "Brackel"]
[WhiteTeamCountry "GER"]
[BlackTeamCountry "GER"]

1. e4 c5 2. Nf3 d6 3. d4 cxd4 4. Nxd4 Nf6 5. Nc3 a6 6. Be3 e5 7. Nb3 Be7 8. Be2 Be6 9. 0-0 0-0 10. f4 exf4 11. Bxf4 d5 12. exd5 Nxd5 13. Nxd5 Bxd5 14. Bf3 Qb6+ 15. Kh1 Bxf3 16. Qxf3 Nc6 17. c3 Bf6 18. Rad1 Rad8 19. Qg3 Qb5 20. h3 Rxd1 21. Rxd1 Qe2 22. Rd2 Qf1+ 23. Kh2 Re8 24. Qf2 Qxf2 25. Rxf2 Ne5 26. Bxe5 Bxe5+ 27. g3 b6 28. Kg2 Rd8 29. Rd2 Rxd2+ 30. Nxd2 f5 31. Nc4 Bc7 1/2-1/2

[Event "GER-chT U14"]
[Site "Verden"]
[Date "2008.12.28"]
[Round "4.1"]
[White "Winter, Philipp"]
[Black "Hermann, Felix"]
[Result "0-1"]
[WhiteElo "1612"]
[BlackElo "1562"]
[PlyCount "92"]
[EventDate "2008.12.27"]
[EventType "team-swiss"]
[EventRounds "7"]
[EventCountry "GER"]
[SourceTitle "EXT 2010"]
[Source "ChessBase"]
[SourceDate "2010.11.25"]
[SourceVersion "1"]
[SourceVersionDate "2010.11.25"]
[SourceQuality "1"]
[WhiteTeam "Heitersheim"]
[BlackTeam "Balingen"]
[WhiteTeamCountry "GER"]
[BlackTeamCountry "GER"]

1. e4 e6 2. d4 d5 3. exd5 exd5 4. Nf3 Nc6 5. Be2 Bd6 6. Nc3 Nge7 7. 0-0 0-0 8. Bg5 h6 9. Be3 Nf5 10. Qd2 Nxe3 11. fxe3 Ne7 12. e4 Bb4 13. Bd3 c5 14. dxc5 d4 15. a3 dxc3 16. bxc3 Bxc5+ 17. Kh1 Be6 18. a4 Qc7 19. Nd4 Bxd4 20. cxd4 Bc4 21. d5 Bxd3 22. Qxd3 Rad8 23. c4 Ng6 24. Rac1 Qc5 25. Rf5 f6 26. Qc3 Rde8 27. Re1 Re5 28. Rf3 Rfe8 29. Rfe3 Ne7 30. g4 Nc8 31. Kg2 Nd6 32. Qc2 Qxc4 33. Rc3 Qb4 34. Rce3 Rxe4 35. Rxe4 Rxe4 36. Rxe4 Qxe4+ 37. Qxe4 Nxe4 38. Kf3 Nd6 39. Ke3 Kf7 40. Kd4 b6 41. Kc3 f5 42. gxf5 Nxf5 43. Kb4 Nd6 44. a5 Kf6 45. axb6 axb6 46. Kc3 Ke5 0-1

[Event "GER-chT U14"]
[Site "Verden"]
[Date "2008.12.27"]
[Round "1.1"]
[White "Borchert, Finn"]
[Black "Winter, Philipp"]
[Result "1-0"]
[WhiteElo "1740"]
[BlackElo "1612"]
[PlyCount "99"]
[EventDate "2008.12.27"]
[EventType "team-swiss"]
[EventRounds "7"]
[EventCountry "GER"]
[SourceTitle "EXT 2010"]
[Source "ChessBase"]
[SourceDate "2010.11.25"]
[SourceVersion "1"]
[SourceVersionDate "2010.11.25"]
[SourceQuality "1"]
[WhiteTeam "Vaterstetten"]
[BlackTeam "Heitersheim"]
[WhiteTeamCountry "GER"]
[BlackTeamCountry "GER"]

1. e4 c5 2. Nc3 Nc6 3. g3 g6 4. Bg2 Bg7 5. d3 d6 6. f4 Nf6 7. Nf3 Bg4 8. h3 Bxf3 9. Qxf3 Nd4 10. Qf2 Rb8 11. 0-0 0-0 12. Be3 Nc6 13. e5 Ne8 14. exd6 exd6 15. Rab1 Nc7 16. Ne2 Nb4 17. Nc3 Qd7 18. a3 Nc6 19. Ne4 Nd5 20. c3 Nxe3 21. Qxe3 Rfe8 22. Qf2 b6 23. Qf3 d5 24. Nf2 Rbd8 25. Ng4 f5 26. Ne3 Ne7 27. c4 d4 28. Nd5 Nxd5 29. Qxd5+ Kh8 30. Qxd7 Rxd7 31. Bc6 Rde7 32. Bxe8 Rxe8 33. Rfe1 Re3 34. Kf2 Rxe1 35. Rxe1 Bf6 36. Re8+ Kg7 37. Ra8 a6 38. Rxa6 Bd8 39. Ra8 Be7 40. Rb8 g5 41. Rxb6 gxf4 42. gxf4 Bh4+ 43. Kf3 Bd8 44. Rb5 Be7 45. b4 cxb4 46. axb4 Kf7 47. Rxf5+ Ke6 48. Re5+ Kd6 49. Rxe7 Kxe7 50. Ke4 1-0

[Event "GER-chT U14"]
[Site "Verden"]
[Date "2008.12.27"]
[Round "2.1"]
[White "Winter, Philipp"]
[Black "Boehm, Malte"]
[Result "0-1"]
[WhiteElo "1612"]
[BlackElo "1634"]
[PlyCount "112"]
[EventDate "2008.12.27"]
[EventType "team-swiss"]
[EventRounds "7"]
[EventCountry "GER"]
[SourceTitle "EXT 2010"]
[Source "ChessBase"]
[SourceDate "2010.11.25"]
[SourceVersion "1"]
[SourceVersionDate "2010.11.25"]
[SourceQuality "1"]
[WhiteTeam "Heitersheim"]
[BlackTeam "Dortmund Brackel"]
[WhiteTeamCountry "GER"]
[BlackTeamCountry "GER"]

1. d4 d5 2. c4 c6 3. Nc3 e6 4. Nf3 dxc4 5. e4 b5 6. a4 Bb4 7. Be2 Bb7 8. 0-0 a6 9. Bf4 Ne7 10. Qc2 Ng6 11. Be3 0-0 12. Rad1 Nd7 13. h3 Qc7 14. Nh2 Nb6 15. axb5 cxb5 16. f4 Bd6 17. e5 Bb4 18. Bf3 Bxc3 19. bxc3 Bxf3 20. Rxf3 Nh4 21. Rf2 Nf5 22. Bc1 Nd5 23. Nf1 a5 24. g4 Nfe7 25. f5 b4 26. Bb2 b3 27. Qc1 a4 28. f6 Ng6 29. Ba3 Rfd8 30. g5 Nh4 31. Ng3 g6 32. Rdf1 Qa5 33. Ne4 Nf5 34. Re1 Nc7 35. Nc5 Rdb8 36. Nd7 Rc8 37. Nc5 Nb5 38. Ne4 Nxa3 39. Qxa3 Nxd4 40. Rc1 Nc2 41. Rcxc2 bxc2 42. Rxc2 Qxe5 43. Re2 Qd5 44. Kf2 Rd8 45. h4 Qf5+ 46. Ke1 Qg4 47. Qc5 Qxh4+ 48. Nf2 Rab8 49. Re4 Rb1+ 50. Ke2 Qh5+ 51. Rg4 Qh2 52. Rd4 Rb2+ 53. Kf3 Qxf2+ 54. Kg4 Rxd4+ 55. cxd4 Qf5+ 56. Qxf5 gxf5+ 0-1

[Event "Baden-ch U14"]
[Site "Karlsruhe"]
[Date "2008.01.05"]
[Round "6"]
[White "Winter, Philipp"]
[Black "Tiemann, Tobias"]
[Result "0-1"]
[WhiteElo "1455"]
[BlackElo "1686"]
[PlyCount "173"]
[EventDate "2008.01.02"]
[EventType "swiss"]
[EventRounds "7"]
[EventCountry "GER"]
[SourceTitle "EXT 2009"]
[Source "ChessBase"]
[SourceDate "2008.11.26"]
[SourceVersion "1"]
[SourceVersionDate "2008.11.26"]
[SourceQuality "1"]

1. d4 Nf6 2. c4 g6 3. Nf3 Bg7 4. Nc3 0-0 5. g3 d6 6. Bg2 Nc6 7. Bg5 Bf5 8. 0-0 Ne4 9. Nd5 Nxg5 10. Nxg5 Nxd4 11. Ne3 Bd7 12. Rb1 Bc6 13. Bxc6 Nxc6 14. Nf3 a5 15. a3 a4 16. Nc2 Na5 17. Qd3 Nb3 18. Ncd4 Nc5 19. Qd1 Qd7 20. Kg2 e5 21. Nb5 Rfd8 22. e3 c6 23. Nc3 d5 24. cxd5 cxd5 25. Ne2 Nb3 26. Nc1 Nc5 27. Ne2 d4 28. exd4 exd4 29. Nf4 d3 30. Nd2 Qc6+ 31. Kg1 Ne6 32. Nxe6 Qxe6 33. Re1 Qa2 34. Qf3 Bxb2 35. Re7 Bxa3 36. Rexb7 Rf8 37. Qxd3 Rad8 38. Rd7 Rxd7 39. Qxd7 Bb2 40. Rd1 a3 41. Qa4 Rd8 42. Qc2 Qd5 43. Qb1 Qd3 44. Qa2 Qc2 45. Re1 Qxd2 46. Re7 Qd1+ 47. Kg2 Qd5+ 48. Qxd5 Rxd5 49. Re8+ Kg7 50. Ra8 Rd2 51. Kf3 Bd4 52. Rxa3 Rxf2+ 53. Ke4 Bf6 54. h3 Rc2 55. Kf4 Rc3 56. Ra6 Rc5 57. g4 Rc3 58. g5 Bd4 59. Ra4 Be3+ 60. Kg4 Bc1 61. Re4 Re3 62. Rd4 Rc3 63. Re4 Bb2 64. Rf4 Rd3 65. Kh4 Rd4 66. Rxd4 Bxd4 67. Kg4 Be5 68. Kf3 f6 69. h4 fxg5 70. hxg5 h6 71. gxh6+ Kxh6 72. Kg4 g5 73. Kf3 Kh5 74. Kg2 Kh4 75. Kh1 Kh3 76. Kg1 g4 77. Kh1 g3 78. Kg1 g2 79. Kf2 Kh2 80. Ke3 g1Q+ 81. Ke4 Qg3 82. Kd5 Qf4 83. Kc6 Qd4 84. Kb5 Qd5+ 85. Kb6 Kg3 86. Ka6 Kf4 87. Kb6 0-1